Guess the Fusion Rock Song Lyrics #7 - Statistics

General Stats
  • This quiz has been taken 11 times
  • The average score is 214 of 335
Answer Stats
Answer % Correct
I
89%
in
89%
my
89%
the
89%
The
89%
to
89%
up
89%
a
78%
an
78%
And
78%
and
78%
at
78%
back
78%
bar
78%
be
78%
Christmas
78%
drink
78%
Eve
78%
her
78%
if
78%
it
78%
kiss
78%
me
78%
on
78%
one
78%
our
78%
said
78%
Saw
78%
saw
78%
She
78%
she
78%
then
78%
took
78%
we
78%
We
78%
went
78%
Went
78%
were
78%
Who
78%
would
78%
As
67%
as
67%
beer
67%
But
67%
couldn't
67%
didn't
67%
for
67%
gave
67%
had
67%
have
67%
how
67%
into
67%
like
67%
lover
67%
make
67%
Met
67%
of
67%
open
67%
out
67%
that
67%
those
67%
been
56%
car
56%
cried
56%
doing
56%
drank
56%
eyes
56%
falling
56%
find
56%
first
56%
grocery
56%
home
56%
hug
56%
Just
56%
knew
56%
laughed
56%
lie
56%
liked
56%
liquor
56%
loved
56%
man
56%
old
56%
or
56%
rain
56%
say
56%
snow
56%
store
56%
things
56%
time
56%
toast
56%
turned
56%
two
56%
until
56%
was
56%
way
56%
well
56%
wide
56%
years
56%
Another
44%
architect
44%
away
44%
blue
44%
bought
44%
drive
44%
dry
44%
empty
44%
face
44%
familiar
44%
felt
44%
flew
44%
friend
44%
got
44%
hell
44%
innocence
44%
kept
44%
lost
44%
moment
44%
must
44%
neither
44%
now
44%
pack
44%
pain
44%
recognize
44%
record
44%
safe
44%
school
44%
she'd
44%
six
44%
stand
44%
there
44%
tired
44%
tongues
44%
touched
44%
traveling
44%
warm
44%
watched
44%
audience
33%
bagged
33%
behind
33%
checkout
33%
conversation
33%
doubt
33%
dragged
33%
embarrassment
33%
gratitude
33%
heavenly
33%
lang
33%
married
33%
ourselves
33%
purse
33%
running
33%
sleeve
33%
spilled
33%
still
33%
sure
33%
syne
33%
totaled
33%
tried
33%
wasn't
33%
auld
22%
beyond
22%
emptiness
22%
food
22%
stoo
22%
Dan Fogelberg
11%
foods
11%
frozen
11%
groceries
11%
reach
11%
stole
11%
eloquence
0%
Reliving
0%
No matching quizzes found
Score Distribution
Percent of People with Each Score
Percentile by Number Answered
Your Score History
You have not taken this quiz